Les adversaires du Stade Rennais (Rennes) en coupe d’europe au XXIè - Statistiques

Statistiques générales
  • Ce quiz a été pris 215 fois
  • Le résultat moyen est 15 sur 44
Statistiques - réponses
Hint Réponse % Correct
2018/2019 Huitième de finale Arsenal
86%
2023/2024 Barrage AC Milan
85%
2020/2021 Phase de poule Chelsea
80%
2018/2019 Seizième de finale Betis
76%
2020/2021 Phase de poule Séville
75%
2021/2022 Huitième de finale Leicester
67%
2023/2024 Phase de poule Villareal
60%
2022/2023 Barrage Shakhtar
56%
2005/2006 Phase de poule Shakhtar
56%
2020/2021 Phase de poule Krasnodar
54%
2022/2023 Phase de poule Fenerbahce
51%
2021/2022 Phase de poule Tottenham
51%
2019/2020 Phase de poule Celtic
49%
2011/2012 Phase de poule Celtic
49%
2022/2023 Phase de poule Dynamo Kiev
48%
2018/2019 Phase de poule Dynamo Kiev
48%
2011/2012 Phase de poule Atletico Madrid
47%
2019/2020 Phase de poule Lazio
44%
2018/2019 Phase de poule Astana
40%
2023/2024 Phase de poule Panathinaikos
40%
2023/2024 Phase de poule Maccabi haifa
34%
2021/2022 Phase de poule Vitesse
34%
2019/2020 Phase de poule Cluj
33%
2021/2022 Qualification Rosenborg
29%
2018/2019 Phase de poule Jablonec
28%
2022/2023 Phase de poule AEK Larnaca
27%
2011/2012 Phase de poule Udinese
20%
2011/2012 Qualification Étoile rouge de Belgrade
16%
2021/2022 Phase de poule Mura
16%
2005/2006 Qualification Osasuna
16%
2001/2002 Demi-finale Aston Villa
15%
2007/2008 Phase de poule Bâle
13%
2007/2008 Phase de poule Hambourg
12%
2005/2006 Phase de poule PAOK
8%
2007/2008 Phase de poule Dinamo Zagreb
7%
2005/2006 Phase de poule Stuttgart
7%
2008/2009 Qualification Twente
7%
2007/2008 Phase de poule Brann
2%
2007/2008 Qualification Lokomotiv Sofia
1%
2011/2012 Qualification Rustavi
1%
2008/2009 Qualification Stabaek
1%
2008/2009 Finale Tavriya
1%
2005/2006 Phase de poule Rapid Bucarest
0%
2001/2002 Quart de finale Slovacko
0%
Aucun quiz correspondant
Distribution des résultats
% des personnes avec chaque résultat
Percentile par nombre de réponses
Votre historique - résultats
Vous n’avez pas pris ce quiz